000 00457cam a2200145 4500500
005 20251012010611.0
041 _afre
042 _adc
100 1 0 _aChapuis, Émilie
_eauthor
245 0 0 _aLa Tentation du christianisme
260 _c2009.
500 _a5
786 0 _nPhilosophie magazine | 27 | 3 | 2009-03-01 | p. 35-36 | 1951-1787
856 4 1 _uhttps://shs.cairn.info/magazine-philosophie-magazine-2009-3-page-35?lang=fr&redirect-ssocas=7080
999 _c1519851
_d1519851